00508nam a2200133 a 450000100100000000500170001000800410002704000250006824500660009326000720015930000200023195201060025199900170035700003925320201002031549.0130618s2001 dr 000 0 spa d aDO-SdBNPbspacBNPHU00aConozcamos las leyes :bley 659, modificada por la ley 13/93. aSanto Domingo :bCentro de Investigaciones Legales (CEDAIL),c2001. a16 p. ;c22 cm. 00107-18PDaPDbPDcOId2013-06-18iLF1l0o p39253-10r2020-06-25w2020-06-25yLFPDZNo se presta c38743d38743